Normal view
MARC view
Entry Personal Name
001 - CONTROL NUMBER
- control field: 168550
003 - CONTROL NUMBER IDENTIFIER
- control field: OSt
005 - DATE AND TIME OF LATEST TRANSACTION
- control field: 20220923225249.0
008 - FIXED-LENGTH DATA ELEMENTS
- fixed length control field: 220923|| aca||aabn | a|a d
040 ## - CATALOGING SOURCE
- Original cataloging agency: OSt
- Transcribing agency: OSt
100 ## - HEADING--PERSONAL NAME
- Personal name: शास्त्री, विश्वनारायण; शुक्ल, देवनारायण, अनु
670 ## - SOURCE DATA FOUND
- Source citation: Work cat.: (OSt)377137: शास्त्री, विश्वनारायण; शुक्ल, देवनारायण, अनु., आनन्दराम बरूआ, 1987
